000 01089nam a2200205Ia 4500
003 Ost
005 20260507075638.0
008 260507s9999||||xx |||||||||||||| ||und||
040 _cfsecg
041 _aara
082 _a346.02
100 _aالأباصيري، فاروق محمد أحمد
_eمؤلف
245 0 _aعقد الإشتراك في قواعد المعلومات عبر شبكة الأنترنت :
_bدراسة تطبيقية لعقود التجارة الالكترونية الدولية /
_c فاروق محمد أحمد الأباصيري
260 _aالإسكندرية:
_bدار الجامعة الجديدةللنشر,
_c2002
300 _a220 صفحة؛
_c24 سم
520 _aوجود العقد،شروط وجود العقد،حماية وجود العقد في مواجهة المشاكل،تنفيذ العقد،تنفيذ التزامات الأطراف،القانون الواجب التطبيق على تنفيذ العقد
653 _aالتجارة الالكترونية الدولية
653 _aعقود التجارة
942 _cكتاب
999 _c45343
_d45343